Proceedings of the Fourth International Workshop on the Identification of Dark Matter

This book contains written versions of the presentations made at the 4th International Workshop on the Identification of Dark Matter (IDM 2002), held in York, UK, in September 2002. The objective of this workshop series is to assess the status of work attempting to identify what constitutes dark mat...

Szczegółowa specyfikacja

Zapisane w:
Opis bibliograficzny
Format: Książka
Język:Undetermined
Wydane: River Edge, NJ World Scientific 2003
Hasła przedmiotowe:
Etykiety: Dodaj etykietę
Nie ma etykietki, Dołącz pierwszą etykiete!
Thư viện lưu trữ: Trung tâm Học liệu Trường Đại học Cần Thơ
LEADER 01360nam a2200181Ia 4500
001 CTU_220018
008 210402s9999 xx 000 0 und d
082 |a 523.1 
082 |b P963 
245 0 |a Proceedings of the Fourth International Workshop on the Identification of Dark Matter 
245 0 |c edited by Neil J.C. Spooner, Vitaly Kudryavtsev 
260 |a River Edge, NJ 
260 |b World Scientific 
260 |c 2003 
520 |a This book contains written versions of the presentations made at the 4th International Workshop on the Identification of Dark Matter (IDM 2002), held in York, UK, in September 2002. The objective of this workshop series is to assess the status of work attempting to identify what constitutes dark matter — in particular, to consider the techniques being used, how successful they are, and what new techniques are likely to improve prospects for identifying likely dark matter candidates in the future. At IDM 2002 special emphasis was placed on recent results obtained in searches for baryonic and non-baryonic dark matter. The proceedings include reviews of major topics on dark matter, as well as short contributed talks. 
650 |a Dark matter (Astronomy),Vật chất tối (Thiên văn học) 
904 |i Tú Ngân, Khánh Ngân, Trúc 
980 |a Trung tâm Học liệu Trường Đại học Cần Thơ